000 00338nam a2200133Ia 4500
008 240624s9999 xx 000 0 und d
041 _aeng
082 _a303.3 KEL
100 _aKELTNER DACHER
245 _aPOWER PARADOX HOW WE GAIN AND LOSE INFLU
260 _c2016
_aNew York
_bPenguin Books
300 _a196p. ;23cm
365 _c
_b33
999 _c32780
_d32780